| 000 | 00903nas a2200289 4500 | ||
|---|---|---|---|
| 001 | BR0603496 | ||
| 003 | BR-BrBNA | ||
| 005 | 20231205110239.0 | ||
| 007 | ta | ||
| 008 | 230509b bl.|||p| |||| 00| 00por d | ||
| 040 |
_aBR-BrBNA _bpor _cBiblioteca Nacional de Agricultura |
||
| 041 | _a(Pt) | ||
| 072 | _aH10 | ||
| 100 | 1 | _aRodrigues, W.C. | |
| 100 | 1 | _aCassino, P.C.R. | |
| 100 | 1 | _aSilva-Filho, R. | |
| 245 | 1 | _aOcorrência e distribuição de crisopídeos e sirfídeos, inimigos naturais de insetos-pragas de citros, no Estado do Rio de Janeiro | |
| 650 | _aCITRICULTURA | ||
| 650 | _aINSETO | ||
| 650 | _aPRAGA DE PLANTA | ||
| 650 | _aCONTROLE BIOLÓGICO | ||
| 650 | _aINIMIGO NATURAL | ||
| 650 | _aRIO DE JANEIRO | ||
| 773 | 0 |
_tAgronomia (Brazil) _xISSN 0365-2718 _g(Jan-Jul 2004), v. 38(1) p. 83-87 _wBR0603496 |
|
| 909 |
_a202311 _bLúcia _c55 _dLúcia Elande |
||
| 942 |
_2AGRIS _n0 _cANA |
||
| 999 |
_c186672 _d186672 |
||